000 00678nam a22002051a 4500
001 11083
003 OSt
005 20260204212226.0
008 101201s2010||||ck ||||||b||||||||||spa||
020 _a9789586486668
050 _a332 T171t
100 _aTarapues Chamorro, Edwin Ignacio
245 _aTeoría monetaria y bancaria fundamentos / Edwin Ignacio Tarapues Chamorro, Carlos Alberto Rivera Bermudez y Omar Alberto Donneyes Beltrán
264 _aColombia : Ecoe Ediciones
300 _a399 p
500 _aIncluye bibliografía
650 _aEconomía Financiera
700 _aRIvera Bermudez, Carlos Alberto II.Donneys Beltrán Omar AlbertoÌ
942 _2ddc
_cBK
999 _c11083
_d11083